| Поле | Инд. | ПП | Название | Значение |
|---|---|---|---|---|
| Тип записи | a | |||
| Библиографический уровень | a | |||
| 001 | _ | Контрольный номер | RU/REP/BASE/00005276 | |
| 005 | _ | Дата корректировки | 20181104132001.0 | |
| 200 | a | Заглавие | Правовой статус адвоката в административном процессе | |
| f | Первые сведения об ответственности | Латаев А.А. | ||
| b | Общее обозначение материала | Текст | ||
| 210 | d | Дата издания | 2015 | |
| 461 | _0 | 1 | 001RU/REP/BASE/00010629 | |
| 1 | 2001 | |||
| a | Закон и право | |||
| 463 | 1 | 20002 | ||
| a | №8. | |||
| v | С. 25-30 | |||
| 1 | 210 | |||
| d | 2015 | |||
| 610 | a | Ключевые слова | УГОЛОВНЫЙ ПРОЦЕСС РФ, АДВОКАТУРА, НОТАРИАТ, УЧАСТНИКИ ПРОЦЕССА, АДМИНИСТРАТИВНЫЙ ПРОЦЕСС РФ, СТАТУС ПРАВОВОЙ | |
| 700 | _1 | a | Фамилия | Латаев |
| b | Имя | А.А. | ||
| 901 | t | Тип документа | b | |
| w | Контрольный № источника | 53121c1a7fd94052a8dfdb541b09ecf5 |